Rubber wood for parquet manufacture (Record no. 48092)

MARC details
000 -LEADER
fixed length control field 00605nam a2200169Ia 4500
100 ## - MAIN ENTRY--AUTHOR NAME
Personal name Tan A G
245 #0 - TITLE STATEMENT
Title Rubber wood for parquet manufacture
260 ## - PUBLICATION, DISTRIBUTION, ETC. (IMPRINT)
Name of publisher Planters' Bulletin
Year of publication 1980
300 ## - PHYSICAL DESCRIPTION
Number of Pages 81-87
520 ## - SUMMARY, ETC.
Summary, etc The article presents a brief account on the development of rubber wood paraquet, the procedure of its manufacture, the method of installation of paraquet on the floor and the feasibility of this industry etc.
650 ## - SUBJECT ADDED ENTRY--TOPICAL TERM
Topical Term Parquet manufacture
650 ## - SUBJECT ADDED ENTRY--TOPICAL TERM
Topical Term Rubberwood
700 ## - ADDED ENTRY--PERSONAL NAME
Personal name Ali Sujan
700 ## - ADDED ENTRY--PERSONAL NAME
Personal name Khoo T C
942 ## - ADDED ENTRY ELEMENTS (KOHA)
Koha item type Bibliography RLWO
Holdings
Withdrawn status Lost status Damaged status Not for loan Home library Current library Date acquired Serial Enumeration / chronology Koha item type
      Bibliography RRII Library RRII Library 31/12/2021 Volume 163, Issue Bibliography RLWO